Quick Pick: Internet Browsers Quiz Stats

 Plays Quiz Updated Aug 8, 2018

Challenge
Share
Tweet
Embed
Score 0/5 Timer 00:15
1 Play Today
% Correct
Google Chrome
97.9%
Firefox
97%
Safari
94%
Microsoft Edge
76%
Opera
53.9%

Today's Daily Dose

You're not logged in!

Compare scores with friends on all Sporcle quizzes.
Join for Free
OR
Log In

You Might Also Like...

Show Comments

Extras

Top Quizzes Today


Score Distribution

Your Account Isn't Verified!

In order to create a playlist on Sporcle, you need to verify the email address you used during registration. Go to your Sporcle Settings to finish the process.

Report this User

Report this user for behavior that violates our Community Guidelines.

Details: